[Event "19th EUR-ch"]
[Site "Batumi GEO"]
[Date "2018.03.22"]
[Round "6.4"]
[White "Vocaturo, Daniele"]
[Black "Naer, Evgeny"]
[Result "0-1"]
[WhiteElo "2620"]
[BlackElo "2683"]
[EventDate "2018.03.17"]
[PlyCount "76"]

1.Nf3 d5 2.d4 Bf5 3.c4 e6 4.Nc3 Nf6 5.g3 h6 6.Bg2 c6 7.O-O Nbd7 8.Nd2 Be7 
9.Qb3 Qb6 10.e4 dxe4 11.Ndxe4 O-O 12.Bf4 Nxe4 13.Nxe4 Bxe4 14.Bxe4 Qxd4 
15.Rad1 Qxe4 16.Rxd7 Bc5 17.Qc3 Rad8 18.Rfd1 Qe2 19.Qd2 Bxf2+ 20.Kg2 Qxd2 
21.R1xd2 Bb6 22.Rxb7 g5 23.Rxd8 Rxd8 24.Be5 Rd2+ 25.Kf1 f6 26.Ke1 Rxh2 27.
Bxf6 Bf2+ 28.Kd1 Bxg3 29.Rxa7 e5 30.b4 Rf2 31.Bg7 h5 32.Bh6 Bf4 33.Rg7+ 
Kh8 34.Re7 h4 35.Ke1 Bg3 36.Bxg5 h3 37.Bh4 Bxh4 38.Rxe5 Rf5+ 0-1

[Event "19th EUR-ch"]
[Site "Batumi GEO"]
[Date "2018.03.22"]
[Round "6.5"]
[White "Hovhannisyan, Robert"]
[Black "Demchenko, Anton"]
[Result "1/2-1/2"]
[WhiteElo "2601"]
[BlackElo "2672"]
[EventDate "2018.03.17"]
[PlyCount "37"]

1.e4 c5 2.Nf3 d6 3.d4 cxd4 4.Nxd4 Nf6 5.Nc3 Nc6 6.Bg5 e6 7.Qd2 a6 8.O-O-O 
Bd7 9.f4 Be7 10.Nf3 b5 11.Bxf6 gxf6 12.Kb1 Qb6 13.f5 O-O-O 14.g3 Kb8 15.
fxe6 fxe6 16.Bh3 Na5 17.Nd4 b4 18.Nce2 e5 19.Bxd7 1/2-1/2

[Event "19th EUR-ch"]
[Site "Batumi GEO"]
[Date "2018.03.22"]
[Round "6.6"]
[White "Rakhmanov, Aleksandr"]
[Black "Paravian, David"]
[Result "1/2-1/2"]
[WhiteElo "2655"]
[BlackElo "2613"]
[EventDate "2018.03.17"]
[PlyCount "236"]

1.Nf3 Nf6 2.g3 g6 3.Bg2 Bg7 4.O-O O-O 5.d4 d5 6.c4 dxc4 7.Na3 c5 8.Nxc4 
Be6 9.Ne3 Na6 10.dxc5 Nxc5 11.Nd4 Bd7 12.b3 Ng4 13.h3 Ne6 14.Nec2 Nxd4 15.
Nxd4 Qb6 16.Bb2 Rad8 17.e3 e5 18.hxg4 Bc8 19.Qf3 exd4 20.Bxd4 Bxd4 21.exd4
Rxd4 22.Rac1 Bxg4 23.Qxb7 Qxb7 24.Bxb7 Rd2 25.f3 Be6 26.Rf2 Rfd8 27.Rc2 
R2d4 28.Ba6 R8d6 29.Bc8 Bd5 30.Rc7 Rc6 31.Rxc6 Bxc6 32.Bh3 Rd3 33.Bg2 a5 
34.Kh2 Bd5 35.f4 Be6 36.Rc2 Rd4 37.Bh3 Bd5 38.Rc5 Rd1 39.g4 Rd2+ 40.Kg1 a4
41.bxa4 Be4 42.a5 Rd3 43.Bf1 Rg3+ 44.Kh2 Rxg4 45.a6 Rxf4 46.Bc4 Rf3 47.a4 
Kg7 48.a7 Rf2+ 49.Kg3 Rf3+ 50.Kh2 Rf2+ 51.Kg1 Rd2 52.Rc8 Rg2+ 53.Kf1 Rc2 
54.Ke1 f5 55.Be6 Rb2 56.Rb8 Rc2 57.a8=Q Bxa8 58.Rxa8 Kf6 59.Bb3 Rb2 60.Rb8
f4 61.a5 Rb1+ 62.Kf2 Ra1 63.Rb6+ Ke5 64.a6 g5 65.Re6+ Kd4 66.Bd1 Kd5 67.
Bb3+ Kd4 68.Rd6+ Kc5 69.Rh6 g4 70.Bg8 Ra3 71.Bxh7 g3+ 72.Kg2 Ra2+ 73.Kf3 
g2 74.Rg6 Rxa6 75.Rxg2 Rf6 76.Ke4 f3 77.Rc2+ Kd6 78.Bf5 Rh6 79.Rd2+ Kc5 
80.Kxf3 Rd6 81.Rc2+ Kd4 82.Kf4 Rd5 83.Be4 Rd6 84.Kf5 Rh6 85.Rd2+ Kc5 86.
Ke5 Rh5+ 87.Bf5 Rh4 88.Rd5+ Kc4 89.Rd8 Kc3 90.Be4 Rh5+ 91.Kf4 Rh4+ 92.Ke3 
Rh3+ 93.Bf3 Rh4 94.Rd7 Kb4 95.Be4 Kc5 96.Rd5+ Kc4 97.Rd1 Rh3+ 98.Bf3 Kc5 
99.Rd5+ Kb6 100.Rf5 Kc7 101.Rf6 Rh4 102.Be4 Kd7 103.Kd4 Ke7 104.Rb6 Rh5 
105.Bd5 Rh4+ 106.Kc5 Rh5 107.Re6+ Kf8 108.Kd6 Kg7 109.Re7+ Kf6 110.Rf7+ 
Kg5 111.Rf1 Kh4 112.Kc5 Kg5 113.Be6 Rh4 114.Kd6 Re4 115.Ke7 Rd4 116.Rf3 
Re4 117.Kf7 Rf4+ 118.Rxf4 Kxf4 1/2-1/2

[Event "19th EUR-ch"]
[Site "Batumi GEO"]
[Date "2018.03.22"]
[Round "6.7"]
[White "Predke, Alexander"]
[Black "Piorun, Kacper"]
[Result "1/2-1/2"]
[WhiteElo "2595"]
[BlackElo "2653"]
[EventDate "2018.03.17"]
[PlyCount "148"]

1.e4 e5 2.Nf3 Nc6 3.Bb5 a6 4.Ba4 Nf6 5.O-O Be7 6.Re1 b5 7.Bb3 d6 8.a4 Bd7 
9.c3 O-O 10.d3 Na5 11.Bc2 c5 12.Nbd2 Nc6 13.Nf1 Re8 14.h3 h6 15.Ne3 Bf8 
16.Nh2 Rb8 17.axb5 axb5 18.Nhg4 Be6 19.Bd2 Nxg4 20.hxg4 Qd7 21.Bb3 Ne7 22.
Bxe6 Qxe6 23.Ra6 Ra8 24.Qa1 Rxa6 25.Qxa6 Qd7 26.Ra1 Rb8 27.Qa7 Rb7 28.Qa8 
Qc7 29.Ra2 Rb8 30.Qa5 Qd7 31.Qa7 Rb7 32.Qa8 d5 33.exd5 Nxd5 34.Nxd5 Qxd5 
35.Ra7 Rd7 36.Be3 Rd8 37.Qxd5 Rxd5 38.Ra5 Rxd3 39.Rxb5 Rd1+ 40.Kh2 f6 41.
Bxc5 Bxc5 42.Rxc5 Rd2 43.b4 Rxf2 44.b5 Rb2 45.c4 e4 46.Rc6 Kf7 47.b6 h5 
48.Kg3 Rb3+ 49.Kf2 hxg4 50.c5 g3+ 51.Ke2 f5 52.Rc7+ Ke6 53.b7 Kd5 54.c6 f4
55.Rf7 Rb2+ 56.Kf1 Kxc6 57.Rxf4 Kd5 58.Rf7 Kd4 59.Ke1 Kd3 60.Rd7+ Ke3 61.
Kd1 g5 62.Kc1 Rb6 63.Rc7 Kd3 64.Rd7+ Ke3 65.Rc7 Rb5 66.Rd7 g4 67.Rc7 Kd3 
68.Rd7+ Ke3 69.Rc7 Rb6 70.Rd7 Rb5 71.Rc7 Rb4 72.Rd7 Rb3 73.Kc2 Rb6 74.Kc1 
Rb5 1/2-1/2

[Event "19th EUR-ch"]
[Site "Batumi GEO"]
[Date "2018.03.22"]
[Round "6.8"]
[White "Siugirov, Sanan"]
[Black "Arutinian, David"]
[Result "1-0"]
[WhiteElo "2652"]
[BlackElo "2536"]
[EventDate "2018.03.17"]
[PlyCount "77"]

1.e4 c6 2.d4 d5 3.e5 Bf5 4.Nf3 e6 5.Be2 Ne7 6.O-O h6 7.Nbd2 Nd7 8.Nb3 g5 
9.Bd2 Qc7 10.Rc1 a5 11.a4 Bg7 12.c4 O-O 13.Qe1 dxc4 14.Rxc4 b6 15.h4 g4 
16.Nh2 h5 17.f3 gxf3 18.Nxf3 Bg6 19.Ng5 Qa7 20.Rc1 Nf5 21.Rxc6 b5 22.Bxb5 
Bxe5 23.Rxf5 Bxf5 24.Be3 Bg7 25.d5 Qb8 26.dxe6 fxe6 27.Nd4 Ne5 28.Nxf5 
Rxf5 29.Rb6 Qc8 30.Nxe6 Bf6 31.Nd4 Bg7 32.Ne6 Bf6 33.Nd4 Bg7 34.Qb1 Rf6 
35.Rxf6 Bxf6 36.Qe4 Ra7 37.Nc6 Nxc6 38.Qg6+ Rg7 39.Bc4+ 1-0

[Event "19th EUR-ch"]
[Site "Batumi GEO"]
[Date "2018.03.22"]
[Round "6.9"]
[White "Djukic, Nikola"]
[Black "Jones, Gawain"]
[Result "0-1"]
[WhiteElo "2523"]
[BlackElo "2651"]
[EventDate "2018.03.17"]
[PlyCount "92"]

1.e4 e5 2.Nf3 Nc6 3.Bb5 g6 4.c3 a6 5.Ba4 d6 6.d4 Bd7 7.O-O Bg7 8.d5 Nce7 
9.Bxd7+ Qxd7 10.c4 h6 11.Nc3 f5 12.Ne1 fxe4 13.Nxe4 Nf6 14.Qd3 Nxe4 15.
Qxe4 Qf5 16.f3 c6 17.dxc6 bxc6 18.Nd3 O-O 19.Bd2 d5 20.Qe2 g5 21.Bb4 Rf7 
22.Bxe7 Rxe7 23.Nb4 Qe6 24.Rfd1 Qd6 25.Nc2 Qc5+ 26.Qf2 Qxc4 27.Ne3 Qf4 28.
Rac1 Re6 29.g3 Qf6 30.g4 e4 31.Nf5 exf3 32.Qxf3 Rae8 33.Rc2 Re4 34.Rf1 Rf4
35.Qh3 Ree4 36.Rxf4 gxf4 37.Qb3 h5 38.Qb7 hxg4 39.Qxg7+ Qxg7 40.Nxg7 Kxg7 
41.Rxc6 f3 42.Rc1 Re2 43.Rf1 Kf6 44.h3 Kg5 45.hxg4 Kxg4 46.Rd1 Kg3 0-1

[Event "19th EUR-ch"]
[Site "Batumi GEO"]
[Date "2018.03.22"]
[Round "6.10"]
[White "Martirosian, Haik"]
[Black "Guseinov, Gadir"]
[Result "1/2-1/2"]
[WhiteElo "2586"]
[BlackElo "2646"]
[EventDate "2018.03.17"]
[PlyCount "49"]

1.d4 Nf6 2.c4 g6 3.Nc3 Bg7 4.e4 d6 5.Nf3 O-O 6.Be2 c5 7.d5 e6 8.O-O exd5 
9.exd5 Bf5 10.Bd3 Bxd3 11.Qxd3 Nbd7 12.Bf4 Qb6 13.h3 a6 14.g4 Rae8 15.Rae1
Rxe1 16.Rxe1 Re8 17.Re2 Rxe2 18.Qxe2 Bf8 19.Ng5 Qd8 20.Kg2 h6 21.Nf3 h5 
22.g5 Ne8 23.Ne4 Qe7 24.Kf1 b5 25.b3 1/2-1/2

[Event "19th EUR-ch"]
[Site "Batumi GEO"]
[Date "2018.03.22"]
[Round "6.12"]
[White "Navara, David"]
[Black "Abasov, Nijat"]
[Result "1-0"]
[WhiteElo "2737"]
[BlackElo "2608"]
[EventDate "2018.03.17"]
[PlyCount "61"]

1.c4 Nf6 2.Nc3 e6 3.e4 d5 4.e5 d4 5.exf6 dxc3 6.bxc3 Qxf6 7.Nf3 b6 8.g3 
Bb7 9.Bg2 Nd7 10.d4 Bd6 11.Bg5 Qf5 12.Nh4 Qxg5 13.Bxb7 Rd8 14.Qa4 O-O 15.
O-O a5 16.f4 Qf6 17.Bc6 Nb8 18.Rab1 Qe7 19.Bg2 c5 20.d5 exd5 21.Rxb6 Qe3+ 
22.Kh1 Qxc3 23.Bxd5 Be7 24.Nf5 Bf6 25.Qd1 a4 26.Nd6 Qd4 27.Qe2 Rd7 28.Rd1 
Rxd6 29.Rxd6 Qc3 30.Rb1 h6 31.Rb7 1-0

[Event "19th EUR-ch"]
[Site "Batumi GEO"]
[Date "2018.03.22"]
[Round "6.15"]
[White "Bartel, Mateusz"]
[Black "Cheparinov, Ivan"]
[Result "0-1"]
[WhiteElo "2609"]
[BlackElo "2693"]
[EventDate "2018.03.17"]
[PlyCount "106"]

1.e4 e5 2.Nf3 Nc6 3.Bb5 Nf6 4.d3 Bc5 5.Bxc6 dxc6 6.O-O Qe7 7.Nbd2 Bg4 8.h3
Bh5 9.Re1 Nd7 10.Nf1 Nf8 11.Ng3 Bxf3 12.Qxf3 g6 13.c3 h5 14.b4 Bd6 15.a4 
a5 16.b5 cxb5 17.axb5 Nd7 18.d4 Nb6 19.Qd3 a4 20.f4 f6 21.h4 O-O-O 22.fxe5
fxe5 23.Bg5 Qe6 24.Bxd8 Rxd8 25.Ne2 Kb8 26.g3 g5 27.hxg5 h4 28.Kg2 Rg8 29.
d5 Qg4 30.Rh1 Qxg5 31.Raf1 Nd7 32.Rf5 Qh6 33.Kf3 Nc5 34.Qc2 h3 35.Ng1 Qg6 
36.Rxh3 Qg4+ 37.Kg2 Nxe4 38.Rf3 Nc5 39.Kh2 e4 40.Re3 Bf4 41.Qe2 Bxe3 42.
Qxe3 b6 43.d6 cxd6 44.Qd4 Qe6 45.Ne2 Qe5 46.Qd1 Rh8 47.Nd4 Rxh3+ 48.Kxh3 
Kc7 49.Qf1 Qe7 50.g4 a3 51.Nc6 Qg7 52.Qc1 a2 53.Nd4 Nd3 0-1

[Event "19th EUR-ch"]
[Site "Batumi GEO"]
[Date "2018.03.22"]
[Round "6.16"]
[White "Andersen, Mads"]
[Black "Kravtsiv, Martyn"]
[Result "1/2-1/2"]
[WhiteElo "2605"]
[BlackElo "2685"]
[EventDate "2018.03.17"]
[PlyCount "32"]

1.Nf3 d5 2.g3 Nf6 3.Bg2 c5 4.O-O Nc6 5.d4 cxd4 6.Nxd4 e5 7.Nxc6 bxc6 8.c4 
Be6 9.Qa4 Qd7 10.Nc3 Rc8 11.cxd5 cxd5 12.Qxd7+ Kxd7 13.Rd1 Bc5 14.Nxd5 
Nxd5 15.Bxd5 Bxd5 16.Rxd5+ Ke6 1/2-1/2

[Event "19th EUR-ch"]
[Site "Batumi GEO"]
[Date "2018.03.22"]
[Round "6.17"]
[White "Sargissian, Gabriel"]
[Black "Kovchan, Alexander"]
[Result "1/2-1/2"]
[WhiteElo "2677"]
[BlackElo "2596"]
[EventDate "2018.03.17"]
[PlyCount "51"]

1.Nf3 c5 2.c4 Nc6 3.d4 cxd4 4.Nxd4 Nf6 5.Nc3 e6 6.g3 Qb6 7.Nf3 d5 8.cxd5 
exd5 9.Bg2 d4 10.Na4 Bb4+ 11.Bd2 Qb5 12.O-O Bxd2 13.Nxd2 O-O 14.Rc1 Bg4 
15.Nf3 d3 16.Nc3 Qxb2 17.Qxd3 Rad8 18.Qb1 Qxb1 19.Rxb1 b6 20.Rfc1 Nd4 21.
a4 Nxf3+ 22.exf3 Bf5 23.Ra1 Nd5 24.a5 Nxc3 25.Rxc3 Rc8 26.Rb3 1/2-1/2

[Event "19th EUR-ch"]
[Site "Batumi GEO"]
[Date "2018.03.22"]
[Round "6.18"]
[White "Berkes, Ferenc"]
[Black "Bindrich, Falko"]
[Result "1/2-1/2"]
[WhiteElo "2671"]
[BlackElo "2602"]
[EventDate "2018.03.17"]
[PlyCount "36"]

1.d4 d5 2.Nf3 Nf6 3.Bf4 c5 4.e3 e6 5.Nbd2 Bd6 6.Bg3 O-O 7.c3 Qc7 8.dxc5 
Qxc5 9.Bd3 Nbd7 10.e4 dxe4 11.Nxe4 Nxe4 12.Bxe4 Bxg3 13.hxg3 Nf6 14.Qe2 h6
15.Ne5 Nxe4 16.Qxe4 Rd8 17.O-O Bd7 18.Rad1 Be8 1/2-1/2

[Event "19th EUR-ch"]
[Site "Batumi GEO"]
[Date "2018.03.22"]
[Round "6.19"]
[White "Korobov, Anton"]
[Black "Mchedlishvili, Mikheil"]
[Result "1/2-1/2"]
[WhiteElo "2664"]
[BlackElo "2600"]
[EventDate "2018.03.17"]
[PlyCount "69"]

1.d4 Nf6 2.c4 g6 3.Nc3 d5 4.cxd5 Nxd5 5.e4 Nxc3 6.bxc3 Bg7 7.Bc4 c5 8.Ne2 
O-O 9.O-O Nc6 10.Be3 Na5 11.Bd3 b6 12.Rb1 cxd4 13.cxd4 e6 14.Qa4 Bb7 15.
Rfd1 Rc8 16.Nf4 Qe8 17.Qa3 Qd8 18.d5 exd5 19.Nxd5 Bxd5 20.exd5 Rc3 21.Qb4 
Nb7 22.Bf4 Qf6 23.Bg3 Rd8 24.Bf1 Nd6 25.Re1 Rc5 26.Rbd1 Qc3 27.Qa4 Qa5 28.
Qb3 Rcc8 29.Bh4 Re8 30.Rxe8+ Rxe8 31.Bg5 Re4 32.g3 Rd4 33.Bf4 Rxd1 34.Qxd1
Bf8 35.Qd2 1/2-1/2

[Event "19th EUR-ch"]
[Site "Batumi GEO"]
[Date "2018.03.22"]
[Round "6.20"]
[White "Bogner, Sebastian"]
[Black "Melkumian, Hrant"]
[Result "1/2-1/2"]
[WhiteElo "2588"]
[BlackElo "2664"]
[EventDate "2018.03.17"]
[PlyCount "52"]

1.d4 Nf6 2.c4 e6 3.Nf3 d5 4.g3 dxc4 5.Bg2 Bb4+ 6.Bd2 a5 7.Qc2 c5 8.dxc5 
Bxc5 9.Qxc4 Nbd7 10.O-O b6 11.Nc3 Bb7 12.Rfd1 O-O 13.Bg5 Qc8 14.Qd3 Bc6 
15.Bxf6 Nxf6 16.Ng5 h6 17.Nge4 Bxe4 18.Nxe4 Nxe4 19.Qxe4 Ra7 20.Rd3 Rd8 
21.Rad1 Rad7 22.b3 Rxd3 23.Rxd3 Rxd3 24.Qxd3 Qc7 25.a4 Qd6 26.Qxd6 Bxd6 
1/2-1/2

[Event "19th EUR-ch"]
[Site "Batumi GEO"]
[Date "2018.03.22"]
[Round "6.21"]
[White "Anton Guijarro, David"]
[Black "Gajewski, Grzegorz"]
[Result "1-0"]
[WhiteElo "2647"]
[BlackElo "2588"]
[EventDate "2018.03.17"]
[PlyCount "97"]

1.d4 Nf6 2.c4 e6 3.Nf3 d5 4.Nc3 Bb4 5.Bg5 h6 6.Bxf6 Qxf6 7.e3 O-O 8.Rc1 
Nc6 9.h3 Rd8 10.cxd5 exd5 11.a3 Bf8 12.Bd3 Bf5 13.Bxf5 Qxf5 14.g4 Qe6 15.
Qd3 g6 16.Rg1 a6 17.h4 Rd7 18.Na4 Re8 19.Ke2 Bd6 20.b4 Rde7 21.Nc5 Bxc5 
22.Rxc5 Qd6 23.h5 Re4 24.g5 Ne7 25.gxh6 c6 26.h7+ Kg7 27.Rcc1 Nf5 28.hxg6 
f6 29.Kd2 Qe6 30.Rh1 Nd6 31.Kc3 Qf5 32.Nd2 Rg4 33.Qxf5 Nxf5 34.Rcg1 Rxg1 
35.Rxg1 Nh4 36.Nb3 b6 37.a4 Nxg6 38.a5 bxa5 39.bxa5 Kxh7 40.Nc5 f5 41.Ra1 
f4 42.Kd2 Rb8 43.Ra2 fxe3+ 44.fxe3 Ne7 45.Nxa6 Ra8 46.Nc5 Nf5 47.a6 Nd6 
48.Kc3 Rb8 49.Nd7 1-0

[Event "19th EUR-ch"]
[Site "Batumi GEO"]
[Date "2018.03.22"]
[Round "6.22"]
[White "Lopez Martinez, Josep Manuel"]
[Black "McShane, Luke"]
[Result "0-1"]
[WhiteElo "2584"]
[BlackElo "2647"]
[EventDate "2018.03.17"]
[PlyCount "116"]

1.e4 e5 2.Nf3 Nc6 3.d4 exd4 4.Nxd4 Nf6 5.Nxc6 bxc6 6.e5 Qe7 7.Qe2 Nd5 8.h4
a5 9.Nd2 f6 10.Nf3 fxe5 11.Bg5 Qe6 12.Qxe5 Bb4+ 13.Kd1 Qxe5 14.Nxe5 O-O 
15.f3 Re8 16.Nd3 Bf8 17.Nf2 Rb8 18.Bc4 Rxb2 19.Bb3 a4 20.Nd3 axb3 21.Nxb2 
bxc2+ 22.Kxc2 Re2+ 23.Kb3 h6 24.Rae1 Rxe1 25.Rxe1 hxg5 26.Re8 Nb6 27.hxg5 
Kf7 28.Re1 d5 29.a4 Ba6 30.g6+ Kf6 31.Re8 Bd6 32.a5 Nc8 33.Nd1 Kxg6 34.Ne3
Kf7 35.Rh8 Bf4 36.Nf5 Bd2 37.Ka4 Bb5+ 38.Kb3 Ba6 39.Ka4 Bc3 40.g4 d4 41.
Kb3 c5 42.Rh7 Bxa5 43.Rxg7+ Kf6 44.Rh7 Ke5 45.Rh5 c4+ 46.Ka3 Bd2 47.Ne7+ 
Kf4 48.Nd5+ Kxf3 49.Nxc7 c3 50.Rc5 d3 51.Kb3 Be3 52.Rf5+ Ke2 53.Kxc3 d2 
54.Rd5 Bb7 55.Rd8 d1=Q 56.Rxd1 Kxd1 57.Kd3 Bb6 58.Ne6 Nd6 0-1

[Event "19th EUR-ch"]
[Site "Batumi GEO"]
[Date "2018.03.22"]
[Round "6.23"]
[White "Grandelius, Nils"]
[Black "Svane, Rasmus"]
[Result "1-0"]
[WhiteElo "2646"]
[BlackElo "2587"]
[EventDate "2018.03.17"]
[PlyCount "97"]

1.c4 e6 2.Nc3 Nf6 3.e4 c5 4.e5 Ng8 5.d4 cxd4 6.Qxd4 Nc6 7.Qe4 d6 8.Nf3 
dxe5 9.Nxe5 Bd7 10.Nxd7 Qxd7 11.Bf4 Nf6 12.Qe3 Bd6 13.O-O-O Bxf4 14.Qxf4 
Qe7 15.Be2 O-O 16.Qd6 Qxd6 17.Rxd6 Rfd8 18.Rxd8+ Rxd8 19.Rd1 Rc8 20.Bf3 
Kf8 21.b3 Ke7 22.Nb5 Ne8 23.Kb2 a6 24.Nc3 Nd6 25.c5 Nb5 26.Nxb5 axb5 27.
Kc3 Ra8 28.Rd2 e5 29.Be2 Nd4 30.Kb4 Rb8 31.Bxb5 b6 32.cxb6 Rxb6 33.a4 Rb8 
34.Rd1 f5 35.Rc1 Kd6 36.Rc5 g5 37.Kc4 g4 38.b4 h5 39.a5 Nc2 40.Rc6+ Ke7 
41.Kc5 f4 42.Rc7+ Kf6 43.a6 e4 44.a7 Rd8 45.Bc4 e3 46.fxe3 fxe3 47.b5 Nd4 
48.Rf7+ Kg6 49.Re7 1-0

[Event "19th EUR-ch"]
[Site "Batumi GEO"]
[Date "2018.03.22"]
[Round "6.24"]
[White "Parligras, Mircea-Emilian"]
[Black "Pashikian, Arman"]
[Result "1/2-1/2"]
[WhiteElo "2642"]
[BlackElo "2585"]
[EventDate "2018.03.17"]
[PlyCount "31"]

1.d4 Nf6 2.Nf3 d5 3.Bf4 c5 4.e3 Nc6 5.Nbd2 Bg4 6.c3 e6 7.Qb3 Qc8 8.h3 Bh5 
9.g4 Bg6 10.Nh4 cxd4 11.exd4 Qd7 12.Nxg6 hxg6 13.Be2 O-O-O 14.O-O-O Bd6 
15.Be3 Qc7 16.Kb1 1/2-1/2

[Event "19th EUR-ch"]
[Site "Batumi GEO"]
[Date "2018.03.22"]
[Round "6.25"]
[White "Paichadze, Luka"]
[Black "Safarli, Eltaj"]
[Result "1/2-1/2"]
[WhiteElo "2581"]
[BlackElo "2639"]
[EventDate "2018.03.17"]
[PlyCount "95"]

1.e4 e5 2.Bc4 Nf6 3.d3 Nc6 4.Nc3 Na5 5.Qf3 Nxc4 6.dxc4 Bb4 7.Ne2 d6 8.O-O 
c6 9.a3 Bc5 10.b4 Bb6 11.Qd3 Be6 12.Na4 Bc7 13.Nec3 O-O 14.Rd1 Qe7 15.Bg5 
h6 16.Bxf6 Qxf6 17.Rd2 a6 18.c5 Rad8 19.Qe2 dxc5 20.Nxc5 Rxd2 21.Qxd2 Rd8 
22.Qe2 Bc8 23.Rd1 a5 24.Rxd8+ Qxd8 25.Qd3 Qe7 26.h3 Kh7 27.Qd2 axb4 28.
axb4 Bb6 29.N3a4 Ba7 30.Nd3 Qd6 31.Nac5 b6 32.Nb3 Ba6 33.Qc3 f6 34.Nd2 
Bxd3 35.cxd3 b5 36.Nb3 Qe6 37.Nc5 Qa2 38.g3 Bb6 39.Kg2 Qa7 40.d4 exd4 41.
Qxd4 Bxc5 42.bxc5 Qb8 43.Qd6 Qe8 44.Qd3 Qe5 45.f4 Qxc5 46.e5+ Kg8 47.Qd8+ 
Kh7 48.Qd3+ 1/2-1/2

[Event "19th EUR-ch"]
[Site "Batumi GEO"]
[Date "2018.03.22"]
[Round "6.26"]
[White "Volokytin, Andriy"]
[Black "Vavulin, Maksim"]
[Result "1-0"]
[WhiteElo "2639"]
[BlackElo "2583"]
[EventDate "2018.03.17"]
[PlyCount "57"]

1.e4 e5 2.Nf3 Nc6 3.Bb5 a6 4.Ba4 Nf6 5.O-O Be7 6.d3 d6 7.c3 O-O 8.Re1 Re8 
9.Nbd2 Bf8 10.Nf1 h6 11.Ng3 b5 12.Bc2 d5 13.exd5 Qxd5 14.d4 Bg4 15.Bb3 Qd6
16.h3 Bxf3 17.Qxf3 exd4 18.Bf4 Qd7 19.Bxh6 Na5 20.Bc2 d3 21.Bxd3 gxh6 22.
b4 Nc6 23.Qxf6 Bg7 24.Nh5 Bh8 25.Bc2 Re6 26.Rxe6 Qxe6 27.Qxe6 fxe6 28.Be4 
Bxc3 29.Rc1 1-0

[Event "19th EUR-ch"]
[Site "Batumi GEO"]
[Date "2018.03.22"]
[Round "6.27"]
[White "Skoberne, Jure"]
[Black "Onischuk, Vladimir"]
[Result "1-0"]
[WhiteElo "2563"]
[BlackElo "2632"]
[EventDate "2018.03.17"]
[PlyCount "113"]

1.d4 d6 2.Nf3 g6 3.g3 Bg7 4.Bg2 Nf6 5.b3 O-O 6.Bb2 c6 7.c4 Nbd7 8.O-O Qc7 
9.Nc3 Re8 10.e4 e5 11.h3 b6 12.d5 cxd5 13.cxd5 Ba6 14.Re1 Nc5 15.Bf1 Bxf1 
16.Kxf1 Rec8 17.Kg2 a6 18.Qe2 Qb7 19.Nd2 Ncd7 20.a4 Rc7 21.Nc4 Ne8 22.Ba3 
Rac8 23.Na2 Bf8 24.Rac1 Bh6 25.Rc3 Qa7 26.Qd3 Nc5 27.Qc2 a5 28.Bxc5 Rxc5 
29.Qd3 Qc7 30.Re2 Nf6 31.Rec2 Nd7 32.b4 axb4 33.Nxb4 Ra8 34.Nb2 Qa7 35.Nc6
Qa6 36.Qxa6 Rxa6 37.Nb4 Ra7 38.N4d3 Rxc3 39.Rxc3 f5 40.exf5 gxf5 41.Rc6 
Bf8 42.g4 e4 43.Nf4 fxg4 44.hxg4 Ne5 45.Rxb6 Nxg4 46.Ne6 Be7 47.Nd4 Bf6 
48.Nc6 Rf7 49.Nd1 h5 50.a5 Rg7 51.Kh3 Ne5 52.a6 Nf3 53.Rb8+ Bd8 54.Rxd8+ 
Kh7 55.Rf8 Rg4 56.Rxf3 exf3 57.a7 1-0

[Event "19th EUR-ch"]
[Site "Batumi GEO"]
[Date "2018.03.22"]
[Round "6.28"]
[White "Erdos, Viktor"]
[Black "Sarana, Alexey"]
[Result "1/2-1/2"]
[WhiteElo "2627"]
[BlackElo "2577"]
[EventDate "2018.03.17"]
[PlyCount "181"]

1.Nf3 Nf6 2.c4 g6 3.Nc3 d5 4.d4 Bg7 5.cxd5 Nxd5 6.e4 Nxc3 7.bxc3 c5 8.Rb1 
O-O 9.Be2 cxd4 10.cxd4 Qa5+ 11.Qd2 Nc6 12.Qxa5 Nxa5 13.Ba3 Bg4 14.Ne5 Bxe2
15.Kxe2 Rfd8 16.Nf3 Bxd4 17.Bxe7 Rd7 18.Bg5 Re8 19.Rhd1 Nc6 20.Kf1 Rxe4 
21.Be3 Rd6 22.Nxd4 Nxd4 23.Rxb7 a6 24.Bh6 Re8 25.g4 f5 26.Rg7+ Kh8 27.Ra7 
Kg8 28.Bf4 Rd5 29.gxf5 gxf5 30.Rxa6 Re4 31.Bh6 Kf7 32.Be3 f4 33.Bxd4 Rexd4
34.Rxd4 Rxd4 35.Ke2 Kg7 36.Kf3 h5 37.h4 Kf7 38.a4 Rb4 39.a5 Ra4 40.Ra8 Kg7
41.a6 Kh7 42.a7 Kg7 43.Ke2 Ra2+ 44.Kd3 f3 45.Ke4 Ra3 46.Kf4 Kh7 47.Rf8 
Rxa7 48.Kg5 Kg7 49.Rxf3 Ra6 50.Rf5 Ra1 51.Kxh5 Rf1 52.Rf4 Re1 53.Kg5 Re5+ 
54.Rf5 Re1 55.Rd5 Rg1+ 56.Kf5 Rh1 57.Rd4 Rh2 58.Rg4+ Kf7 59.f4 Ra2 60.Kg5 
Ra5+ 61.f5 Ra1 62.Rg2 Rb1 63.Rg4 Ra1 64.h5 Kg7 65.h6+ Kh7 66.Re4 Rg1+ 67.
Kf6 Ra1 68.Re8 Rb1 69.Ke6 Kxh6 70.f6 Rb6+ 71.Kf5 Rb5+ 72.Re5 Rb7 73.Re7 
Rb5+ 74.Ke6 Rb6+ 75.Kf7 Rb8 76.Ra7 Kh7 77.Rc7 Ra8 78.Rb7 Kh6 79.Re7 Kh7 
80.Re8 Ra7+ 81.Ke6 Ra6+ 82.Kf5 Ra5+ 83.Re5 Ra8 84.Kg5 Ra1 85.Kf5 Kg8 86.
Kg6 Rg1+ 87.Rg5 Rxg5+ 88.Kxg5 Kf8 89.Kg6 Kg8 90.f7+ Kf8 91.Kf6 1/2-1/2

[Event "19th EUR-ch"]
[Site "Batumi GEO"]
[Date "2018.03.22"]
[Round "6.29"]
[White "Zhigalko, Sergei"]
[Black "Yuffa, Daniil"]
[Result "0-1"]
[WhiteElo "2625"]
[BlackElo "2521"]
[EventDate "2018.03.17"]
[PlyCount "80"]

1.e4 c6 2.Nf3 d5 3.Nc3 Bg4 4.h3 Bxf3 5.Qxf3 Nf6 6.d3 e6 7.Qg3 Nh5 8.Qh2 
Nf6 9.Bd2 Bb4 10.a3 Ba5 11.O-O-O O-O 12.g4 d4 13.Ne2 Bxd2+ 14.Rxd2 c5 15.
g5 Nfd7 16.h4 Nc6 17.Bh3 c4 18.dxc4 Nde5 19.Qg3 Nxc4 20.Rdd1 Qb6 21.Qb3 
Qc5 22.Kb1 a5 23.Nf4 b5 24.Nd3 Qe7 25.Rhg1 a4 26.Qa2 Rfc8 27.h5 g6 28.f4 
Ne3 29.Rd2 b4 30.hxg6 hxg6 31.Rh1 Kg7 32.Rdh2 Rh8 33.axb4 a3 34.bxa3 Na7 
35.f5 Qxg5 36.c4 dxc3 37.Qf2 c2+ 38.Ka2 Nb5 39.fxe6 Rxa3+ 40.Kb2 Nd1+ 0-1

[Event "19th EUR-ch"]
[Site "Batumi GEO"]
[Date "2018.03.22"]
[Round "6.30"]
[White "Fedorov, Alexei"]
[Black "Indjic, Aleksandar"]
[Result "1-0"]
[WhiteElo "2559"]
[BlackElo "2623"]
[EventDate "2018.03.17"]
[PlyCount "91"]

1.e4 c5 2.Nf3 d6 3.d4 cxd4 4.Nxd4 Nf6 5.Nc3 a6 6.a4 e5 7.Nf3 h6 8.Bc4 Nc6 
9.O-O Be7 10.Qe2 O-O 11.Rd1 Be6 12.Be3 Rc8 13.Ba2 Re8 14.a5 Bxa2 15.Rxa2 
Bf8 16.Bb6 Qd7 17.Ra3 Nb8 18.Rb3 Qc6 19.Ne1 Nbd7 20.Nd3 Qc4 21.Rb4 Qe6 22.
Rb3 Rc4 23.Ba7 d5 24.exd5 Qf5 25.Rxb7 e4 26.Ne1 Ne5 27.Rb8 Re7 28.Bd4 Rxd4
29.Rxd4 Ned7 30.Rd8 Re5 31.h3 Kh7 32.d6 Re6 33.Nd5 Nxd5 34.Rxd7 Qe5 35.Qc4
Nf4 36.Rxf7 Qxd4 37.Qxd4 Ne2+ 38.Kf1 Nxd4 39.d7 Rd6 40.Rxf8 Rxd7 41.Re8 
Rc7 42.Rxe4 Nxc2 43.Nxc2 Rxc2 44.b4 Rb2 45.h4 h5 46.Rf4 1-0

[Event "19th EUR-ch"]
[Site "Batumi GEO"]
[Date "2018.03.22"]
[Round "6.31"]
[White "Huschenbeth, Niclas"]
[Black "Alekseev, Evgeny"]
[Result "1/2-1/2"]
[WhiteElo "2549"]
[BlackElo "2617"]
[EventDate "2018.03.17"]
[PlyCount "31"]

1.e4 e5 2.Nf3 Nc6 3.Bc4 Bc5 4.O-O Nf6 5.d3 d6 6.c3 O-O 7.Nbd2 Bb6 8.Bb3 
Ne7 9.Re1 c6 10.Nf1 Ng6 11.Ng3 h6 12.h3 d5 13.exd5 Nxd5 14.d4 exd4 15.Nxd4
Bc7 16.Bc2 1/2-1/2

[Event "19th EUR-ch"]
[Site "Batumi GEO"]
[Date "2018.03.22"]
[Round "6.32"]
[White "Santos Ruiz, Miguel"]
[Black "Ponkratov, Pavel"]
[Result "1-0"]
[WhiteElo "2488"]
[BlackElo "2613"]
[EventDate "2018.03.17"]
[PlyCount "94"]

1.d4 Nf6 2.c4 g6 3.Nc3 d5 4.Nf3 Bg7 5.Bg5 Ne4 6.Bf4 Nxc3 7.bxc3 dxc4 8.e3 
Be6 9.Qb1 b6 10.Ng5 Bd5 11.e4 h6 12.Nf3 Be6 13.Qc1 c6 14.Qe3 Nd7 15.Be2 b5
16.h3 Qb6 17.O-O g5 18.Bg3 f6 19.Nd2 Bf7 20.Rab1 Qa5 21.e5 fxe5 22.dxe5 
Bg6 23.Bf3 Rc8 24.Be4 Bxe4 25.Nxe4 O-O 26.h4 Qb6 27.Qe2 gxh4 28.Bxh4 Nxe5 
29.Bxe7 Rf4 30.g3 Rf3 31.Bd6 Rcf8 32.Bxf8 Rxf8 33.Kg2 Qd8 34.f4 Nd3 35.f5 
Qd5 36.f6 Rxf6 37.Rxf6 Bxf6 38.Qg4+ Bg7 39.Kg1 Ne5 40.Nf6+ Kf7 41.Qxg7+ 
Kxg7 42.Nxd5 cxd5 43.Rxb5 Kf6 44.Rxd5 Ke6 45.Ra5 Kf5 46.Rxa7 Ke4 47.Re7 
Kd5 1-0

[Event "19th EUR-ch"]
[Site "Batumi GEO"]
[Date "2018.03.22"]
[Round "6.33"]
[White "Matlakov, Maxim"]
[Black "Diermair, Andreas"]
[Result "1-0"]
[WhiteElo "2707"]
[BlackElo "2507"]
[EventDate "2018.03.17"]
[PlyCount "69"]

1.e4 e6 2.d4 d5 3.e5 c5 4.c3 Nc6 5.Nf3 Qb6 6.a3 f6 7.Bd3 c4 8.Bc2 Bd7 9.
O-O fxe5 10.Nxe5 Nxe5 11.dxe5 O-O-O 12.Nd2 Ne7 13.b4 cxb3 14.Nxb3 Nc6 15.
Be3 Qc7 16.f4 Na5 17.Qd4 Nxb3 18.Bxb3 b6 19.Qd3 Bc5 20.Bd4 Be8 21.f5 exf5 
22.Qxf5+ Kb8 23.e6 Bg6 24.Qg5 Qd6 25.Rae1 Rhe8 26.Re5 h6 27.Qg3 Be4 28.Rf7
Ka8 29.Ba4 b5 30.Bxb5 Qb6 31.Bxe8 Bxd4+ 32.cxd4 Qxd4+ 33.Rf2 Rxe8 34.h3 
Qd1+ 35.Kh2 1-0